01527nam a2200241Ia 4500001000600000003000900006008004100015040001300056040001300069041001300082100002100095100002900116245004600145245004600191250001100237260001200248260002900260260004900289300004300338500083800381650003501219650003101254D1392IT-RoPAU130308s9999 xx 000 0 und d aIT-RoPAU cIT-RoPAU aITALIANO aOrtoleva Peppino gCodice Aut. SPICS: 17672 aMass media. Nascita e industrializzazione bMass Media. Nascita e Industrializzazione a1a ed. aFIRENZE bGiunti Gruppo Editoriale c1995 [1° Ed.:1995 - Ed.Ling.Originale:1995] a"188 p. (prefazione: no ; testo: 188)" aGrande Teatro del Mondo: Cultura di Massa tra Memoria e Storia, Processo D'Industrializzazione, Tempi della Trasformazione. Macchine della Comunicazione:Dall'Elettrificazione Alla Digitalizzazione, Riproduzione e registrazione dell'Immagine e del Suono, immagini in Movimento, Trasmissione Testi Suoni e Immagini. Industria del Libro e del Giornale. meccanica dell'Emozione:Lo Spettacolo dal Vivo: Show Business, Varietà, Teatro Popolae, Spettacolo Collettivo. Cinema o la Macchina dei Sogni: muto e Industria moderna, Studio System, Cinema All'Epoca della Televisione. Musica in Casa: Dalla Pianola al Cd: Canzone, boom del Del Disco e Cultura Giovanile, mercato Musicale. Diffusione Circolare: Radio e Televisione, Pubblicità Radiotelevisiva, Telefilm, Interattività. Grande mercato del Mondo: mercato Mondiale della Cultura. aSAGGI DI COMUNICAZIONE SOCIALE eCodice materia Spics: 3807